Arqueología histórica en Chile: Un modelo de construcción del pasado histórico mediante la empiria arqueológica

Sábháilte in:
Sonraí bibleagrafaíochta
Príomhchruthaitheoir: Gómez Alcorta, Alfredo Germán (Údar)
Formáid: LEABHAR
Teanga:Spáinnis
Foilsithe / Cruthaithe: Santiago, Chile Ministerio de Educación 2003
Ábhair:
Clibeanna: Cuir clib leis
Níl clibeanna ann, Bí ar an gcéad duine le clib a chur leis an taifead seo!

MARC

LEADER 00000nam a2200000 a 4500
001 UCK3506
003 CL-VaPUC
005 20240611105645.0
008 050429e20030000cl 1 spa d
999 |c 384115  |d 384113 
040 |c Pontificia Universidad Católica de Valparaíso 
082 0 4 |a 983 GOM 2003  |2 21 
100 |a Gómez Alcorta, Alfredo Germán  |e author  |9 623243 
245 1 0 |a Arqueología histórica en Chile:  |b  Un modelo de construcción del pasado histórico mediante la empiria arqueológica 
260 |a Santiago, Chile  |b Ministerio de Educación  |c 2003 
300 |a 17 hojas 
518 |p Congreso Internacional de Americanistas, 51, Santiago de Chile, 14 al 18 de julio de 2003 
536 |a Gobierno de Chile 
536 |a Ministerio de Educación 
536 |a Consejo de Monumentos Nacionales 
546 |a En Español 
583 |a last modification  |c 20190826 09:00:18  |k Rodrigo Vera 
650 0 0 |a Historia de Chile  |9 265473 
650 0 0 |a Historiografía   |z CHILE  |9 257871 
650 0 0 |a Arqueología   |z CHILE  |9 265619 
650 0 0 |a Investigación histórica  |z CHILE  |9 344844 
852 |a BIBCUR 
942 |c BK  |2 ddc 
945 |a cmena  |d 20050429 00:00:00 
952 |0 0  |1 0  |2 ddc  |4 0  |6 983_000000000000000_GOM_2003  |7 0  |8 A  |9 506588  |a BIBHIS  |b BIBHIS  |d 2020-01-23  |i 4086759  |l 1  |m 1  |o 983 GOM 2003  |p 4086759  |r 2025-01-20  |s 2024-05-16  |t 1  |w 2020-01-23  |y BK  |k HIS 
952 |0 0  |1 0  |2 ddc  |4 0  |6 983_000000000000000_GOM_2003  |7 0  |8 A  |9 506589  |a BIBHIS  |b BIBHIS  |d 2020-01-23  |i 4086767  |o 983 GOM 2003  |p 4086767  |r 2025-01-20  |t 2  |w 2020-01-23  |y BK  |k HIS